Manufacturing new orders boost (Record no. 73328)

MARC details
000 -LEADER
fixed length control field 01299cam a2200229 4500
001 - CONTROL NUMBER
control field WB3933-04
008 - FIXED-LENGTH DATA ELEMENTS--GENERAL INFORMATION
fixed length control field 030902n2003 000 0 eng u
035 ## - SYSTEM CONTROL NUMBER
System control number (Sirsi) u123465
245 ## - TITLE STATEMENT
Title Manufacturing new orders boost
260 ## - PUBLICATION, DISTRIBUTION, ETC.
Date of publication, distribution, etc. 2003
490 ## - SERIES STATEMENT
Series statement RICS Plant and Machinery Faculty News
Volume/sequential designation 2 September 2003 (1)
520 ## - SUMMARY, ETC.
Summary, etc. The UK's struggling manufacturing industry increase production at its highest rate for fifteen months during August, according to latest figures from the Chartered Institute of Purchasing and Supply (CIPS). The CIPS "Purchasing managers' index" shows new orders for the industry were also at fifteen month highs last month. The CIPS index which gives the overall condition of the manufacturing economy, rose from 51.1 in July to 51.9 in August. http://www.rics.org/ricscms/bin/show?class=News&template=/includes/shownews.html&id=6865&faculty=Plant and Machinery&faculty=All Faculties. View monthly reports on CIPS web site, http://www.cips.org/BigPage.asp?CatID=42&PageID=177.
590 ## - LOCAL NOTE (RLIN)
Local note WB
650 ## - SUBJECT ADDED ENTRY--TOPICAL TERM
Topical term or geographic name entry element MANUFACTURING INDUSTRY
650 ## - SUBJECT ADDED ENTRY--TOPICAL TERM
Topical term or geographic name entry element NEW ORDERS
650 ## - SUBJECT ADDED ENTRY--TOPICAL TERM
Topical term or geographic name entry element MANUFACTURING OUTPUT
650 ## - SUBJECT ADDED ENTRY--TOPICAL TERM
Topical term or geographic name entry element CHARTERED INSTITUTE OF PURCHASING AND SUPPLY
650 ## - SUBJECT ADDED ENTRY--TOPICAL TERM
Topical term or geographic name entry element ECONOMIC GROWTH
650 ## - SUBJECT ADDED ENTRY--TOPICAL TERM
Topical term or geographic name entry element INDUSTRIAL TRENDS
690 ## - LOCAL SUBJECT ADDED ENTRY--TOPICAL TERM (OCLC, RLIN)
Topical term or geographic name as entry element ECONOMIC ISSUES
942 ## - ADDED ENTRY ELEMENTS (KOHA)
Suppress in OPAC 0
Holdings
Withdrawn status Lost status Source of classification or shelving scheme Damaged status Not for loan Home library Current library Shelving location Date acquired Total Checkouts Full call number Barcode Date last seen Copy number Price effective from Koha item type
    Dewey Decimal Classification     London London News article 02/09/2003   WB3933-04 123465-1001 06/08/2019 1 06/08/2019 News article